Obwody Ukrainy - nagła śmierć - Statystyki

Ogólne statystyki
  • Ten quiz został rozwiązany 127 razy
  • Średni wynik to 6 z 20
Answers on the Grid
Answers color-coded by a green-red scale on the quiz's grid according to % correct below.
Kijów
Kijowski
Winnicki
Chmielnicki
Wołyński
Lwowski
Zakarpacki
Tarnopolski
Czernihowski
Sumski
Kirowohradzki
Charkowski
Połtawski
Dniepropetrowski
Doniecki
Zaporoski
Mikołajowski
Odeski
Chersoński
Czerkaski
Biełgorodzki
Homelski
Tyraspolski
Rostowski
Użhorodzki
Łucki
Krzemieńczucki
Mariupolski
Iżewski
Bukowiński
Białocerkiewicki
Woroneski
 
Statystyki odpowiedzi
Odpowiedź % Poprawnych
Kijowski
49%
Charkowski
46%
Lwowski
46%
Doniecki
44%
Odeski
44%
Dniepropetrowski
38%
Zaporoski
38%
Wołyński
36%
Chersoński
33%
Zakarpacki
33%
Kijów
31%
Sumski
28%
Winnicki
28%
Czernihowski
26%
Tarnopolski
26%
Mikołajowski
23%
Chmielnicki
21%
Czerkaski
18%
Połtawski
18%
Kirowohradzki
10%
Nie znaleziono quizów pasujących do podanych kryteriów
Rozkład punktacji
Procent ludzi z każdym wynikiem
Percentyl według liczby udzielonych odpowiedzi
Twoja historia wyników
Nie rozwiązałeś tego quizu